|
|
|
|
| LEADER |
00000nam0a2200000 4500 |
| 001 |
10411 |
| 005 |
20231030182911.0 |
| 010 |
|
|
|a 5283002837
|
| 035 |
|
|
|a (RuTPU)RU\TPU\book\10472
|
| 035 |
|
|
|a BOOK00010537
|
| 090 |
|
|
|a 10411
|
| 100 |
|
|
|a 20011209d1998 m y0rusy50 ca
|
| 101 |
0 |
|
|a rus
|
| 102 |
|
|
|a RU
|
| 105 |
|
|
|a y j 000zy
|
| 200 |
1 |
|
|a Теплообменные аппараты ТЭС
|e учебное пособие
|f Ю. Г. Назмеев, В. М. Лавыгин
|
| 210 |
|
|
|a Москва
|c Энергоатомиздат
|d 1998
|
| 215 |
|
|
|a 288 с.
|
| 451 |
|
1 |
|0 (RuTPU)RU\TPU\book\113935
|y 5-7046-1320-9
|t Теплообменные аппараты ТЭС
|o учебное пособие для вузов
|f Ю. Г. Назмеев, В. М. Лавыгин
|e 3-е изд., стер.
|c М.
|n Изд-во МЭИ
|d 2005
|p 260 с.
|a Назмеев, Юрий Гаязович
|
| 606 |
1 |
|
|a Тепловые электрические станции
|x Теплообленная аппаратура
|2 stltpush
|3 (RuTPU)RU\TPU\subj\59664
|
| 610 |
1 |
|
|a тепловые электростанции
|
| 610 |
1 |
|
|a ТЭС
|
| 610 |
1 |
|
|a оборудование
|
| 610 |
1 |
|
|a теплообменные аппараты
|
| 610 |
1 |
|
|a учебные пособия
|
| 675 |
|
|
|a 621.311.22.002.5:621.1.016(075.8)
|v 3
|
| 700 |
|
1 |
|a Назмеев
|b Ю. Г.
|g Юрий Гаязович
|
| 701 |
|
1 |
|a Лавыгин
|b В. М.
|g Василий Михайлович
|
| 801 |
|
0 |
|a RU
|b 63413507
|c 20011209
|g PSBO
|
| 801 |
|
2 |
|a RU
|b 63413507
|c 20220422
|g PSBO
|
| 900 |
|
|
|a Тепловые и атомные электростанции
|
| 900 |
|
|
|a Вспомогательное оборудование ТЭС
|
| 900 |
|
|
|a Теплообмен в электрических аппаратах
|
| 942 |
|
|
|c BK
|
| 952 |
|
|
|a 550900
|b 100800
|